Information technology and organisational change

Αποθηκεύτηκε σε:
Λεπτομέρειες βιβλιογραφικής εγγραφής
Κύριος συγγραφέας: Eason, Ken
Μορφή: Βιβλίο
Γλώσσα:English
Δημοσίευση: London : New York : Taylor & Francis, 1988
Θέματα:
Ετικέτες: Προσθήκη ετικέτας
Δεν υπάρχουν, Καταχωρήστε ετικέτα πρώτοι!

MARC

LEADER 00000cam a2200000 i 4500
001 1/27182
008 960315s1988 eng d
020 |a 0850663911 ((pbk.)) 
020 |a 0850663881 
035 |l 10022810 
040 |a GR-MY-UA  |b gre  |e aacr 
041 0 |a eng 
082 0 |a 658.4038 
100 1 |a Eason, Ken. 
245 1 0 |a Information technology and organisational change /  |c by Ken Eason 
260 |a London :   |a New York :   |b Taylor & Francis,   |c 1988 
300 |a x, 247 p.;  |b ill.;  |c 25 cm 
504 |a Bibliography: p. 235-240 
650 0 0 |a Management  |x Data processing. 
650 0 0 |a Information technology. 
650 0 0 |a Organizational change. 
852 |a INST  |b CHIOS  |e 19960315  |h 658.4038 EAS  |p 005200004159  |q 005200004159  |t BK  |y 0 
909 |a Χ  |b 026044